000 00278nam a22001217a 4500
008 170602b xxu||||| |||| 00| 0 eng d
041 _aeng
080 _a93
100 _a17
101 _aSHH
245 _aTHE SOVIET-SYRIAN RELATIONSHIP SINCE 1955
_cRAMET, P
942 _2udc
_cBK
999 _c15728
_d15728